Statistiques concernant Quizz 40 youtubeurs français a trouver en 15 minutes

Cliquez ici pour prendre le quiz!

Statistiques générales

  • Ce quiz a été pris 1 061 fois
  • Le résultat moyen est 10 sur 40

Statistiques - réponses

Réponse% Correct
2squeezie
94%
1cyprien
87%
34michou
78%
3norman
77%
15mastu
62%
11amixem
61%
13joyca
60%
5natoo
59%
29tibo in shape
52%
4mcfly et carlito
51%
19mister v
39%
39gotaga
38%
27seb
34%
35le bouseuh
32%
37enjoyphoenix
24%
16pierre croce
23%
14neoxi
15%
40le grand jd
14%
17le monde à l'envers
11%
7ibra tv
10%
30juju fitcats
9%
36thekairi78
7%
22benjamin verrechia
6%
12vodk prod
6%
21bigorneaux et coquillage
5%
28maxenss
4%
26emy ltr
3%
8farod
3%
6junior tv
2%
25andi
1%
24emma cakecup
1%
10madhi ba
1%
18ptikouik
1%
9tartin
1%
38wass freestyle
1%
20ben hpts
0%
31eddi cuddi
0%
23felix felicis
0%
32lawra meschi
0%
33les parodis bros
0%

Distribution des résultats

Percentile par nombre de réponses

% des personnes avec chaque résultat

Votre développement - résultats

Vous n’avez pas pris ce quiz